| 000 | 01137nam a2200289Ia 4500 | ||
|---|---|---|---|
| 001 | 18355 | ||
| 003 | GE_BSU | ||
| 008 | 181216s||||||||xx |||||||||||||| ||und|| | ||
| 020 | _a978-9941-9406-6-8 | ||
| 040 | _cGE_BSU | ||
| 080 | _a32.001(075.8) + 34.01(042.4) | ||
| 100 | _aმეტრეველი, ვ., დავითაშვილი, გ. | ||
| 245 | _aპოლიტიკურ და სამართლებრივ მოძღვრებათა ისტორია | ||
| 245 | _bლექციების კურსი | ||
| 245 | _cრედ. ვ. მეტრეველი | ||
| 250 | _aმე-2 გამოცემა | ||
| 260 | _aთბილისი | ||
| 260 | _bიურისტების სამყარო | ||
| 260 | _c2015 | ||
| 300 | _a461 გვ. ; 20 სმ | ||
| 300 | _eბიბლ.გვ.459-460 | ||
| 541 | _h27 ლ. | ||
| 653 | _aპოლიტიკა | ||
| 653 | _aპოლიტიკურ და სამართლებრივ მოძღვრებათა ისტორია | ||
| 653 | _aსამართალი | ||
| 942 | _cBK | ||
| 999 |
_c51372 _d51372 |
||